Néhány megjegyzés a kαρακάλλiov kapcsán = Some notes on kαρακάλλiov

This article will be published in the Analecta Papyrologica [Messina] 2019 in German. In this study we would like to give a short presentation about the origin and meaning of the word kαρακάλλiov... In the first part we cite the literary sources, in the second part we would like to give evidence abo...

Teljes leírás

Elmentve itt :
Bibliográfiai részletek
Szerzők: Harrauer Hermann
Kovács István
Dokumentumtípus: Cikk
Megjelent: Belvedere Meridionale Szeged 2019
Sorozat:Belvedere Meridionale 31 No. 1
Kulcsszavak:Caracalla - Római Birodalom : császár, Római Birodalom története - 2. sz.
Tárgyszavak:
doi:10.14232/belv.2019.1.8

Online Access:http://acta.bibl.u-szeged.hu/58461
LEADER 01404nab a2200253 i 4500
001 acta58461
005 20250625150155.0
008 190603s2019 hu o 000 hun d
022 |a 2064-5929 
024 7 |a 10.14232/belv.2019.1.8  |2 doi 
040 |a SZTE Egyetemi Kiadványok Repozitórium  |b hun 
041 |a hun 
041 |a eng 
100 1 |a Harrauer Hermann 
245 1 0 |a Néhány megjegyzés a kαρακάλλiov kapcsán = Some notes on kαρακάλλiov  |h [elektronikus dokumentum] /  |c  Harrauer Hermann 
260 |a Belvedere Meridionale  |b Szeged  |c 2019 
300 |a 129-138 
490 0 |a Belvedere Meridionale  |v 31 No. 1 
520 3 |a This article will be published in the Analecta Papyrologica [Messina] 2019 in German. In this study we would like to give a short presentation about the origin and meaning of the word kαρακάλλiov... In the first part we cite the literary sources, in the second part we would like to give evidence about the papyri which contain the word, and in the third part we try to count the different types of hooded cloaks known as Καρακάλλiα. 
650 4 |a Bölcsészettudományok 
650 4 |a Történettudomány és régészet 
695 |a Caracalla - Római Birodalom : császár, Római Birodalom története - 2. sz. 
700 0 1 |a Kovács István  |e aut 
856 4 0 |u http://acta.bibl.u-szeged.hu/58461/1/belvedere_2019_001_129_138.pdf  |z Dokumentum-elérés